365 Experimentos de ciencia: (Registro nro. 38384)

Detalles MARC
000 -CABECERA
Longitud fija campo de control 00929nam a2200301 i 4500
003 - • IDENTIFICADOR DELl NÚMERO DE CONTROL
Identificador del número de control CO-BoRNBP
005 - • FECHA Y HORA DE LA ÚLTIMA TRANSACCIÓN
Fecha y hora de la última transacción 20241004090504.0
007 - • CAMPO FIJO DE DESCRIPCIÓN FÍSICA
Campo fijo de descripción física ta
008 - • CÓDIGOS DE INFORMACIÓN DE LONGITUD FIJA
Códigos de información de longitud fija 080726s2014 a gr 00010 spa d
020 ## - • NÚMERO INTERNACIONAL NORMALIZADO PARA LIBROS
Número Internacional Normalizado para Libros (ISBN) 9789962045373
040 ## - FUENTE DE LA CATALOGACIÓN
Centro catalogador de origen CO-BoBLA
Lengua de catalogación spa
Centro transcriptor CO-BoBLA
043 ## - CÓDIGO DE ÁREA GEOGRÁFICA
Código de área geográfica español
082 04 - • NÚMERO DE LA CLASIFICACIÓN DECIMAL DEWEY
Número de clasificación (R) 507.8
Número del ítem C65e
Número de edición Primera
100 ## - • PUNTO DE ACCESO PRINCIPAL-NOMBRE DE PERSONA
Término indicativo de función varios autores
245 00 - • TITULO PROPIAMENTE DICHO
Título 365 Experimentos de ciencia:
Resto del título "La ciencia nunca tan divertida como ahora"
250 ## - • MENCIÓN DE EDICIÓN
Mención de edición 1a. edición
264 #1 - PRODUCCIÓN, PUBLICACIÓN , DISTRIBUCIÓN, FABRICACIÓN Y COPYRIGHT
Nombre del productor, editor, distribuidor, fabricante LEXUS
Fecha de de producción, publicación, distribución, fabricación o copyright ©2014
300 ## - • DESCRIPCIÓN FÍSICA
Extensión 224 p. :
Otras características físicas il. ; a color
Dimensiones 27.5 cm x 19.5 cm
336 ## - TIPO DE CONTENIDO
Fuente rdacontent
Término de tipo de contenido texto
Código de tipo de contenido txt
337 ## - TIPO DE MEDIO
Fuente rdamedia
Nombre del tipo de medio sin mediación
Código del tipo de medio n
338 ## - TIPO DE SOPORTE
Fuente rdacarrier
Nombre del tipo de soporte volumen
Código del tipo de soporte nc
490 ## - • MENCIÓN DE SERIE
Designación de volumen o secuencia 1 Tomo
650 #7 - • PUNTO DE ACCESO ADICIONAL DE MATERIA - TÉRMINO DE MATERIA
Término de materia o nombre geográfico como elemento inicial Ciencia
Subdivisión de materia general Experimentos
Fuente del encabezamiento o término LEMB
650 #7 - • PUNTO DE ACCESO ADICIONAL DE MATERIA - TÉRMINO DE MATERIA
Término de materia o nombre geográfico como elemento inicial Ciencia
Subdivisión geográfica Material educativo
Fuente del encabezamiento o término LEMB
650 #7 - • PUNTO DE ACCESO ADICIONAL DE MATERIA - TÉRMINO DE MATERIA
Término de materia o nombre geográfico como elemento inicial Ciencia
Subdivisión geográfica Material de consulta infantil y juvenil
Fuente del encabezamiento o término LEMB
942 ## - ENTRADA DE ELEMENTOS AGREGADOS (KOHA)
Fuente de clasificaión o esquema Dewey Decimal Classification
Koha [por defecto] tipo de item LIbro
949 ## - TRATAMIENTO DE LA INFORMACIÓN LOCAL (OCLC)
a n
b n
Existencias
Perdido Fuente de clasificación o esquema Estado Físico No para préstamo Forma de adquisición Localización permanente Localización actual Localización en estanterías Fecha adquisición Préstamos totales Signatura completa Código de barras Fecha última consulta Número de copia Fecha del precio de reemplazo Tipo de item de Koha
  Dewey Decimal Classification     Colección General Biblioteca Pública Guamal Biblioteca Pública Guamal Sala Infantil 10/04/2024   507.8 C65e GUA004184 10/04/2024 Ej.1 10/04/2024 Libro Infantil
  Dewey Decimal Classification     Colección General Biblioteca Pública Guamal Biblioteca Pública Guamal Sala Infantil 10/04/2024   507.8 C65e GUA004185 10/04/2024 Ej.1 10/04/2024 Libro Infantil









Instituto Departamental de Cultura del Meta - Red Departamental de Bibliotecas Públicas del Meta.